000 00779nam a22002657a 4500
003 CHAP
005 20220329140813.0
008 971013s r 00010 d
010 _a57877
011 _a58849
035 _a63005
040 _cCHAP
090 _aMP-164
100 0 0 _aEarle, F.R.
_934988
245 1 _aComposition of the component parts of the corn Kernell
500 _aSobretiro de: Cereal Chem. 23:504-511, 1946
590 _aBATCH-UPD
_b10
_c20130110
_lUCH01
_h0509
590 _aBATCH-UPD
_b10
_c20130410
_lUCH01
_h0147
590 _aBATCH-UPD
_b10
_c20130914
_lUCH01
_h1226
590 _aCONVERSION
_b10
_c20130109
_lUCH01
_h1331
650 1 4 _aMaíz
_xComposición.
_970908
901 _aBK
942 _cMP
949 _aMP-164
_bBC
_cMP
_d-135220
_eMP
_i63005
_si
999 _c57877
_d57877